Výnosové metódy ohodnocovania podniku a ich výber pre praktické použitie diplomová práca

Na minha lista:
Detalhes bibliográficos
Autor principal: Lackovičová, Karolína
Autor Corporativo: Fakulta podnikového manažmentu EU. Katedra podnikových financií
Outros Autores: Harumová, Anna, 1955-
Formato: Livro
Idioma:eslovaco
Publicado em: Bratislava 2018
Tags: Adicionar Tag
Sem tags, seja o primeiro a adicionar uma tag!

MARC

LEADER 00000nbm a2200000 4500
001 0244700
005 20181001111101.0
041 0 |a slo 
044 |a SK 
245 1 0 |a Výnosové metódy ohodnocovania podniku a ich výber pre praktické použitie  |b diplomová práca  |c Karolína Lackovičová ; školiteľ: Anna Harumová 
264 1 |a Bratislava  |c 2018 
300 |a 87 s. 
100 1 |a Lackovičová, Karolína 
700 1 |a Harumová, Anna, 1955- 
710 2 |a Fakulta podnikového manažmentu EU. Katedra podnikových financií